Les applications les plus téléchargées - Statistiques

Statistiques générales
  • Ce quiz a été pris 3 225 fois
  • Le résultat moyen est 7 sur 10
Statistiques - réponses
Rang Applications % Correct
4 Instagram
97%
5 Snapchat
94%
7 Tik Tok
93%
1 Facebook
90%
10 Twitter
74%
9 Youtube
73%
3 WhatsApp
68%
2 Messenger
51%
6 Skype
9%
8 UC Browser
2%
Aucun quiz correspondant
Distribution des résultats
% des personnes avec chaque résultat
Percentile par nombre de réponses
Votre historique - résultats
Vous n’avez pas pris ce quiz